000 00516nam a2200193Ia 4500
003 0100
008 130303s9999 xx 000 0 und d
040 _cARRUPELIB
050 _aLC311.M2 1958
100 _aMcCluskey, Neil Gerard
245 _aPublic schools and moral eduation
245 _bthe influence of Horace Mann, William Torrey Harris, and John Dewey
260 _aNY
260 _bColumbia UP
260 _C1958
300 _a315p
650 _bShona Language-- Dictionaries--English
942 0 0 _03
999 _c49343
_d49343